Álgebra moderna /

Guardado en:
Autor Principal: Lentin, André.
Otros Autores: Rivaud, J.
Formato: Libro
Idioma:Spanish
French
Publicado: Madrid : Aguilar, c1965.
Materias:
Etiquetas: Agregar Etiqueta
Sin Etiquetas, Sea el primero en etiquetar este registro!
LEADER 00716nam a22002055a 4500
001 EUN.eunm004732
005 20130809123526.0
008 041125s1965####sp#a##########000#0#spa#d
041 1 |a spa  |h fre 
082 0 4 |a 512.8  |2 15 
100 1 |a Lentin, André. 
245 1 0 |a Álgebra moderna /  |c A. Lentin y J. Rivaud ; versión española de Emilio Motilva Ylarri. 
260 |a Madrid :  |b Aguilar,  |c c1965. 
300 |a xix, 485 p. ;  |c 21 cm. 
500 |a Traducción de: Leçons d'algèbre moderne, 2. éd.; publicado por Vuibert, 1964. 
500 |a Incluye índice. 
650 7 |a Matemáticas.  |2 unbist 
650 7 |a Álgebra.  |2 unbist 
700 1 |a Rivaud, J.  |q (Jacques) 
859 |a AR-BaUNS  |b BIB. CENTRAL - Sector C  |h 512.8  |i L554  |p 34/967